MARC

LEADER 00000nam0a2200000 4500
001 190638
005 20231101224309.0
035 |a (RuTPU)RU\TPU\book\207806 
035 |a RU\TPU\tpu\3679 
090 |a 190638 
100 |a 20110126d1931 k y0rusy50 ca 
101 0 |a rus 
102 |a RU 
105 |a a z 000zy 
200 1 |a Механическая тяга в котельной  |f И. Н. Бутаков 
210 |a М  |c Гостехиздат  |d 1931 
215 |a 76 с.  |c ил. 
225 1 |a Инженерно-промышленная библиотека  |h Сер. 4 № VIII-32 
316 |5 63413507: ШкА/651  |a На титульном листе дарственная надпись: "Библиотеке ВТузов Томска от автора. 3.09.31 г. г. Томск" 
317 |5 63413507: М-133787  |a Поступила в НТБ в 1970 г. в составе книжного собрания профессора ТПИ И. Н. Бутакова 
317 |5 63413507: М-133531  |a Поступила в НТБ в 1970 г. в составе книжного собрания профессора ТПИ И. Н. Бутакова 
606 1 |a Котельные  |x Механизация  |2 stltpush  |3 (RuTPU)RU\TPU\subj\15925  |9 42123 
610 1 |a энергетика 
610 1 |a труды учёных ТПУ 
610 1 |a дары автора 
610 1 |a дары библиотеке 
610 1 |a библиотека И. Н. Бутакова 
610 1 |a коллекция ТПУ 
610 1 |a дарственные надписи 
675 |a 621.18-5  |v 3 
700 1 |a Бутаков  |b И. Н.  |c ученый-теплотехник  |c профессор Томского политехнического института  |f 1881-1970  |g Иннокентий Николаевич  |2 stltpush  |3 (RuTPU)RU\TPU\pers\18396 
801 0 |a RU  |b 63413507  |c 20011210  |g PSBO 
801 2 |a RU  |b 63413507  |c 20221114  |g PSBO 
942 |c BK